00612nam a22002297a 4500003000500000005001700005008004100022010001000063011001000073020001800083035001100101040000900112082001700121100001400138245005900152260004000211300002000251650004200271650002900313650001600342650002400358CHAP20220329143534.0100423s2007 es a r 00010 spa d a98229 a99201 a9788461150687 a109886 cCHAP04a304.973bF371 aFerel, A.10aProblemática de los hispanos en EE UUc/por A. Ferel aMadrid :bEdición personal,c2007 a136 p. :bilus.14aAmerica LatinaxCondiciones sociales.14aAmerica LatinaxCultura.14aHispanidad.14aProblemas sociales.